| 000 | 00533nam a2200193Ia 4500 | ||
|---|---|---|---|
| 008 | 151119s9999||||xx |||||||||||||| ||und|| | ||
| 082 | _a28.5 | ||
| 082 | _bGKKV15284 | ||
| 100 | _aबडे बिंदूभूषण | ||
| 245 | _aसंस्कार धन | ||
| 260 | _a-- | ||
| 260 | _b-- | ||
| 260 | _c0 | ||
| 600 | _aबडे बिंदूभूषण | ||
| 630 | _aसंस्कार धन | ||
| 700 | _aबडे बिंदूभूषण | ||
| 730 | _aसंस्कार धन | ||
| 942 | _cBOOK | ||
| 999 |
_c1068694 _d1068691 |
||